00540 a2200169 450000500170000001000150001702000300003203500140006203700130007608200110008924500660010025000090016626000580017527000970023330000220033070000180035220211217155109.0 aENG-130400 a978-93-86720-37-5c999.00 aEN-113932 bDBAD/PUB a000b1 aGuide For SSC CGL Tier-2 Examination:cEdited by Manoj Sharma a2019 aGhaziabad, UPbRathore Publisher & Distributorsc2019 aBasement, 260, Shaktikhand-III, Indirapuram, bGhaziabade201010mrathorepublisher@gmail.com a129p.c24cm (pbk) aSharma, Manoj